MARC

LEADER 00000nam0a2200000 4500
001 277140
005 20231101235004.0
020 |a RU  |b 86-33142 
035 |a (RuTPU)RU\TPU\book\300413 
090 |a 277140 
100 |a 20141128d1986 km y0rusy5003 ca 
101 0 |a rus 
102 |a BY 
105 |a a z 001zy 
200 1 |a Жесткость и виброустойчивость тяжелых фрезерных станков  |f Н. А. Козловский, М. П. Зайкин  |g под ред. П. И. Ящерицына 
210 |a Минск  |c Наука и техника  |d 1986 
215 |a 135 с.  |c ил. 
320 |a Библиогр.: с. 133-134 (39 назв.) 
606 1 |a Фрезерные станки  |x Жесткость  |2 stltpush  |3 (RuTPU)RU\TPU\subj\16868  |9 42764 
610 1 |a прочность 
610 1 |a динамические характеристики 
610 1 |a виброгасители 
610 1 |a приводы 
675 |a 621.914.3  |z rus  |v 4 
700 1 |a Козловский  |b Н. А.  |g Николай Алексеевич  |4 070 
701 1 |a Зайкин  |b М. П.  |g Михаил Порфирьевич  |4 070 
702 1 |a Ящерицын  |b П. И.  |4 340 
801 0 |a RU  |b RuMRKP  |c 19950704  |g psbo 
801 1 |a RU  |b 63413507  |c 20141128 
801 2 |a RU  |b 63413507  |c 20171219  |g RCR 
942 |c BK